000 00246nam a2200097Ia 4500
001 685049
005 20250826161510.0
008 250824s9999 xx 000 0 und d
245 0 _aALAN KODU 212/T.JANOWITZ/EVEREST
_cTAMA JANOWITZ
260 _bEVEREST
999 _c685049
_d685049